| 000 | 01316nam a2200265Ia 4500 | ||
|---|---|---|---|
| 003 | OSt | ||
| 005 | 20220930095020.0 | ||
| 006 | a|||||r|||| 00| 0 | ||
| 007 | ta | ||
| 008 | 220926b |||||||| |||| 00| 0 san d | ||
| 024 | _a66320 | ||
| 037 | _cTheses | ||
| 040 |
_aCRL _cCRL _bsan |
||
| 041 |
_2san _asan |
||
| 100 | _aघोडके सोमशंकर, ले. | ||
| 110 | _aदिल्ली विश्वविद्यालय. कला संकाय. संस्कृत विभाग | ||
| 245 | 0 |
_aपाणिनीय व्याकरण की प्रातिशाख्यीय पृष्ठभूमि _b पारिभाषिक शब्दावली के परिप्रेक्ष्य में, घोडके सोमशंकर |
|
| 246 | _aPāṇinīya vyākaraṇ kī prātishākhyīya pṛuṣhṭhabhūmi: pāribhāṣhik shabdāvalī ke pariprekṣhya mean, ghoḍake somashankara | ||
| 260 | _c2018 | ||
| 300 |
_a239पृ0 _ap. _ccm. |
||
| 650 | _aसंस्कृत साहित्य | ||
| 700 | _aदिल्ली विश्वविद्यालय. कला संकाय. संस्कृत विभाग | ||
| 942 |
_cDIS _2CC |
||
| 999 |
_c888166 _d888166 |
||